UBT Library

A step-by-step guide for coaching classroom teachers in evidence-based interventions / (Record no. 42193)

000 -LEADER
fixed length control field 01081cam a22002778i 4500
001 - CONTROL NUMBER
control field 19582811
005 - DATE AND TIME OF LATEST TRANSACTION
control field 20180208095023.0
008 - FIXED-LENGTH DATA ELEMENTS--GENERAL INFORMATION
fixed length control field 170403s2017 enk b 001 0 eng
010 ## - LIBRARY OF CONGRESS CONTROL NUMBER
LC control number 2017002683
020 ## - INTERNATIONAL STANDARD BOOK NUMBER
International Standard Book Number 9780190609573 (paperback)
040 ## - CATALOGING SOURCE
Original cataloging agency DLC
Language of cataloging eng
Transcribing agency DLC
Description conventions rda
041 ## - LANGUAGE CODE
Language code of text/sound track or separate title eng
042 ## - AUTHENTICATION CODE
Authentication code pcc
080 ## - UNIVERSAL DECIMAL CLASSIFICATION NUMBER
Universal Decimal Classification number 371.5 DRE
082 00 - DEWEY DECIMAL CLASSIFICATION NUMBER
Classification number 371.5 DRE
Edition number 23
084 ## - OTHER CLASSIFICATION NUMBER
Classification number PSY007000
Source of number bisacsh
100 1# - Rafti
Rafti 47
101 ## - Shkurtesa
Shkurtesa EDU
245 12 - TITLE STATEMENT
Title A step-by-step guide for coaching classroom teachers in evidence-based interventions /
Statement of responsibility, etc Dana D. Marchese [and six others].
263 ## - PROJECTED PUBLICATION DATE
Projected publication date 1111
504 ## - BIBLIOGRAPHY, ETC. NOTE
Bibliography, etc Includes bibliographical references and index.
776 08 - ADDITIONAL PHYSICAL FORM ENTRY
Display text Online version:
Main entry heading Marchese, Dana D., author.
Title Step-by-step guide for coaching classroom teachers in evidence-based interventions
Place, publisher, and date of publication Oxford ; New York : Oxford University Press, [2017]
International Standard Book Number 9780190609597
Record control number (DLC) 2017017330
906 ## - LOCAL DATA ELEMENT F, LDF (RLIN)
a 0
b vip
c orignew
d 1
e ecip
f 20
g y-gencatlg
942 ## - ADDED ENTRY ELEMENTS (KOHA)
Source of classification or shelving scheme
Item type Books
Holdings
Withdrawn status Lost status Source of classification or shelving scheme Damaged status Not for loan Collection code Permanent location Current location Shelving location Date acquired Total Checkouts Full call number Barcode Date last seen Price effective from Koha item type
          Koleksioni i përgjithshem UBT - Lipjan UBT - Lipjan Koleksioni i përgjithshem 02/08/2018   371.5 DRE 002-2998875 02/08/2018 02/08/2018 Books
UBT Library © 2015-2024. All rights reserved University Education for Business and Technology